Research in education / (Record no. 14840)
[ view plain ]
| 000 -LEADER | |
|---|---|
| fixed length control field | 01087nam a22003137a 4500 |
| 005 - DATE AND TIME OF LATEST TRANSACTION | |
| control field | 20180222160959.0 |
| 008 - FIXED-LENGTH DATA ELEMENTS--GENERAL INFORMATION | |
| fixed length control field | 080813t xxu||||| |||| 00| 0 eng d |
| 010 ## - LCCN (DPL NO) | |
| LC control number | ENG-90722 B-689612 |
| 020 ## - INTERNATIONAL STANDARD BOOK NUMBER | |
| International Standard Book Number | 9788120335639 |
| Terms of availability | 350.00 |
| 020 ## - INTERNATIONAL STANDARD BOOK NUMBER | |
| International Standard Book Number | 9789332574519 |
| Terms of availability | 459.00 |
| 035 ## - SYSTEM CONTROL NUMBER | |
| System control number | EN-74255 |
| 035 ## - SYSTEM CONTROL NUMBER | |
| System control number | B-689612 |
| 037 ## - SOURCE OF ACQUISITION | |
| Source of stock number/acquisition | DBAD / PUB |
| 037 ## - SOURCE OF ACQUISITION | |
| Source of stock number/acquisition | Pansy |
| Stock number | dpl |
| 040 ## - CATALOGING SOURCE | |
| Original cataloging agency | DPL |
| 082 ## - DEWEY DECIMAL CLASSIFICATION NUMBER | |
| Classification number | 370.72 |
| 100 ## - MAIN ENTRY--PERSONAL NAME | |
| Personal name | Best, John W. |
| 245 ## - TITLE STATEMENT | |
| Title | Research in education / |
| Statement of responsibility, etc | by John W. Best [and] James V. Kahn |
| 250 ## - EDITION STATEMENT | |
| Edition statement | 10th ed. |
| 260 ## - PUBLICATION, DISTRIBUTION, ETC. (IMPRINT) | |
| Place of publication, distribution, etc | New Delhi |
| Name of publisher, distributor, etc | Prentice-Hall of India |
| Date of publication, distribution, etc | 2008 |
| 300 ## - PHYSICAL DESCRIPTION | |
| Extent | xii, 510p. |
| Dimensions | 24 cm.(pbk) |
| 500 ## - GENERAL NOTE | |
| General note | Includes bibliographical references and index. |
| 650 ## - SUBJECT ADDED ENTRY--TOPICAL TERM | |
| Topical term or geographic name as entry element | Education |
| General subdivision | Research |
| -- | Methodology. |
| 650 ## - SUBJECT ADDED ENTRY--TOPICAL TERM | |
| Topical term or geographic name as entry element | Education |
| General subdivision | Research. |
| 700 ## - ADDED ENTRY--PERSONAL NAME | |
| Personal name | Kahn, James V. |
| 942 ## - ADDED ENTRY ELEMENTS (KOHA) | |
| Source of classification or shelving scheme | Dewey Decimal Classification |
| Item type | English Books |
| Classification part | 370.72 |
| Call number suffix | BES |
| Withdrawn status | Lost status | Damaged status | Not for loan | Collection code | Home library | Current library | Date acquired | Source of acquisition | Cost, normal purchase price | Total Checkouts | Full call number | Barcode | Date last seen | Cost, replacement price | Koha item type | Source of classification or shelving scheme | Total Renewals | Checked out | Copy number |
|---|---|---|---|---|---|---|---|---|---|---|---|---|---|---|---|---|---|---|---|
| Not For Loan | Non-fiction | D.B.Act.Division | D.B.Act.Division | 13/08/2008 | DBAD / PUB | 350.00 | 370.72 BES | EN-74255 | 15/09/2008 | 350.00 | English Books | ||||||||
| Non-fiction | Sarojini Nagar | Sarojini Nagar | 22/02/2018 | RP/1718/15.2.2018/ 20.2.2018/Sarojini Nagar,/ | 459.00 | 6 | 370.72 BES | B-689612 | 02/06/2026 | 459.00 | English Books | Dewey Decimal Classification | 6 | 16/06/2026 | 1 |
